000 01356nam a2200325 a 4500
001 000012733
005 20240530073915.0
008 091116s2005 dr r 001 0 spa d
020 _a9993430749
040 _aDO-SdBNP
_bspa
_cBNPHU
082 _aRD863.44
_bM647f
100 1 _aMiller Otero, Fredy,
_d1918-1959
_929498
245 1 0 _aFredy Miller realidad y leyenda :
_bcuentos, poemas y otros textos /
_cFredy Miller Otero ; presentación Jeannette Miller ; introducción Miguel D. Mena.
260 _aSanto Domingo :
_bBanco Central,
_c2005.
300 _a213 p. :
_bil., retrs. ;
_c31 cm.
490 1 _aBanco Central de la República Dominicana
_v73
_aArte y literatura
_v27
500 _aIncluye datos biográficos del autor : p. 213
500 _aIncluye referencias bibliográficas y notas al pie de las páginas
504 _aBibliografía : p. 209-210
590 _aInventariado, 2018/BT
600 1 4 _aMILLER, FREDY,
_xCRÍTICA E INTERPRETACIÓN
_929499
650 0 _aPoesía dominicana
_966
650 0 _aCuentos dominicanos
_9176
650 0 _aNovela dominicana
_9223
650 0 _aLiteratura dominicana.
_967
700 1 2 _aMiller, Jeannette,
_d1944-
_eed.
_983484
700 1 2 _aMena, Miguel D.
_929501
830 1 _aBanco Central de la República Dominicana
_n73
_pArte y literatura
_n27
_929502
910 _aValidado. Control de calidad. MFF
999 _c12384
_d12384